21世紀 サッカー日本代表の対戦相手 - Statistics

General Stats
  • This quiz has been taken 31 times
  • The average score is 316 of 379
Answer Stats
日付 対戦相手 備考 % Correct
2001/3/24 フランス 国際親善試合
100%
2001/6/10 フランス FIFAコンフェデレーションズカップ2001
100%
2003/6/20 フランス FIFAコンフェデレーションズカップ2003
100%
2003/12/4 中国 EAFF E-1サッカー選手権
100%
2004/6/9 インド FIFAワールドカップ2006アジア1次予選
100%
2004/8/7 中国 AFCアジアカップ2004
100%
2004/9/8 インド FIFAワールドカップ2006アジア1次予選
100%
2005/2/9 北朝鮮 FIFAワールドカップ2006アジア最終予選
100%
2005/6/8 北朝鮮 FIFAワールドカップ2006アジア最終予選
100%
2005/7/31 北朝鮮 EAFF E-1サッカー選手権
100%
2005/8/3 中国 EAFF E-1サッカー選手権
100%
2006/2/22 インド AFCアジアカップ2007予選
100%
2006/10/11 インド AFCアジアカップ2007予選
100%
2008/2/17 北朝鮮 EAFF E-1サッカー選手権
100%
2008/2/20 中国 EAFF E-1サッカー選手権
100%
2009/9/5 オランダ 国際親善試合
100%
2010/2/6 中国 EAFF E-1サッカー選手権
100%
2010/6/19 オランダ FIFAワールドカップ2010
100%
2011/9/2 北朝鮮 FIFAワールドカップ2014アジア3次予選
100%
2011/11/15 北朝鮮 FIFAワールドカップ2014アジア3次予選
100%
2012/10/12 フランス 国際親善試合
100%
2013/7/21 中国 EAFF E-1サッカー選手権
100%
2013/11/16 オランダ 国際親善試合
100%
2015/8/2 北朝鮮 EAFF E-1サッカー選手権
100%
2015/8/9 中国 EAFF E-1サッカー選手権
100%
2017/12/9 北朝鮮 EAFF E-1サッカー選手権
100%
2017/12/12 中国 EAFF E-1サッカー選手権
100%
2019/12/10 中国 EAFF E-1サッカー選手権
100%
2021/9/7 中国 FIFAワールドカップ2022アジア3次予選
100%
2022/1/27 中国 FIFAワールドカップ2022アジア3次予選
100%
2022/7/24 中国 EAFF E-1サッカー選手権
100%
2024/3/21 北朝鮮 FIFAワールドカップ2026アジア2次予選
100%
2024/9/5 中国 FIFAワールドカップ2026アジア3次予選
100%
2024/11/19 中国 FIFAワールドカップ2026アジア3次予選
100%
2025/7/12 中国 EAFF E-1サッカー選手権
100%
2001/4/25 スペイン 国際親善試合
95%
2001/6/4 ブラジル FIFAコンフェデレーションズカップ2001
95%
2001/11/7 イタリア キリンチャレンジカップ2001
95%
2002/6/4 ベルギー FIFAワールドカップ2002
95%
2002/6/9 ロシア FIFAワールドカップ2002
95%
2002/11/20 アルゼンチン キリンチャレンジカップ2002
95%
2003/4/16 韓国 国際親善試合
95%
2003/5/31 韓国 国際親善試合
95%
2003/6/8 アルゼンチン キリンカップサッカー2003
95%
2003/12/10 韓国 EAFF E-1サッカー選手権
95%
2004/6/1 イングランド 国際親善試合
95%
2004/7/24 タイ AFCアジアカップ2004
95%
2004/8/18 アルゼンチン キリンチャレンジカップ2004
95%
2004/12/16 ドイツ キリンチャレンジカップ2004
95%
2005/6/16 メキシコ FIFAコンフェデレーションズカップ2005
95%
2005/6/22 ブラジル FIFAコンフェデレーションズカップ2005
95%
2005/8/7 韓国 EAFF E-1サッカー選手権
95%
2006/2/10 アメリカ 国際親善試合
95%
2006/5/30 ドイツ 国際親善試合
95%
2006/6/22 ブラジル FIFAワールドカップ2006
95%
2007/7/16 ベトナム AFCアジアカップ2007
95%
2007/7/28 韓国 AFCアジアカップ2007
95%
2008/1/26 チリ キリンチャレンジカップ2008
95%
2008/2/6 タイ FIFAワールドカップ2010アジア3次予選
95%
2008/2/23 韓国 EAFF E-1サッカー選手権
95%
2008/6/14 タイ FIFAワールドカップ2010アジア3次予選
95%
2009/5/27 チリ キリンカップサッカー2009
95%
2009/5/31 ベルギー キリンカップサッカー2009
95%
2010/2/14 韓国 EAFF E-1サッカー選手権
95%
2010/5/24 韓国 キリンチャレンジカップ2010
95%
2010/5/30 イングランド 国際親善試合
95%
2010/10/8 アルゼンチン キリンチャレンジカップ2010
95%
2010/10/12 韓国 国際親善試合
95%
2011/1/25 韓国 AFCアジアカップ2011
95%
2011/8/10 韓国 キリンチャレンジカップ2011
95%
2011/10/7 ベトナム キリンチャレンジカップ2011
95%
2012/10/16 ブラジル 国際親善試合
95%
2013/6/15 ブラジル FIFAコンフェデレーションズカップ2013
95%
2013/6/19 イタリア FIFAコンフェデレーションズカップ2013
95%
2013/6/22 メキシコ FIFAコンフェデレーションズカップ2013
95%
2013/7/28 韓国 EAFF E-1サッカー選手権
95%
2013/11/19 ベルギー 国際親善試合
95%
2014/10/14 ブラジル 国際親善試合
95%
2015/8/5 韓国 EAFF E-1サッカー選手権
95%
2016/9/6 タイ FIFAワールドカップ2018アジア3次予選
95%
2017/3/28 タイ FIFAワールドカップ2018アジア3次予選
95%
2017/11/10 ブラジル 国際親善試合
95%
2017/11/14 ベルギー 国際親善試合
95%
2017/12/16 韓国 EAFF E-1サッカー選手権
95%
2018/7/2 ベルギー FIFAワールドカップ2018
95%
2019/1/24 ベトナム AFCアジアカップ2019
95%
2019/6/17 チリ コパ・アメリカ2019
95%
2019/12/18 韓国 EAFF E-1サッカー選手権
95%
2020/11/17 メキシコ 国際親善試合
95%
2021/3/25 韓国 国際親善試合
95%
2021/11/11 ベトナム FIFAワールドカップ2022アジア3次予選
95%
2022/3/29 ベトナム FIFAワールドカップ2022アジア3次予選
95%
2022/6/6 ブラジル キリンチャレンジカップ2022
95%
2022/7/27 韓国 EAFF E-1サッカー選手権
95%
2022/9/23 アメリカ キリンカップサッカー2022
95%
2022/11/23 ドイツ FIFAワールドカップ2022
95%
2022/12/1 スペイン FIFAワールドカップ2022
95%
2023/9/9 ドイツ 国際親善試合
95%
2024/1/1 タイ TOYO TIRES CUP 2024
95%
2024/1/14 ベトナム AFCアジアカップ2023
95%
2024/1/24 インドネシア AFCアジアカップ2023
95%
2024/11/15 インドネシア FIFAワールドカップ2026アジア3次予選
95%
2025/6/10 インドネシア FIFAワールドカップ2026アジア3次予選
95%
2025/7/15 韓国 EAFF E-1サッカー選手権
95%
2025/9/6 メキシコ 国際親善試合
95%
2025/9/9 アメリカ 国際親善試合
95%
2025/10/14 ブラジル キリンチャレンジカップ2025
95%
2026/3/31 イングランド キリンワールドチャレンジ2026
95%
2001/5/31 カナダ FIFAコンフェデレーションズカップ2001
91%
2001/6/7 オーストラリア FIFAコンフェデレーションズカップ2001
91%
2001/8/15 オーストラリア AFC/OFEチャレンジカップ2001
91%
2002/3/27 ポーランド 国際親善試合
91%
2003/6/22 コロンビア FIFAコンフェデレーションズカップ2003
91%
2004/2/12 イラク 国際親善試合
91%
2004/4/28 チェコ 国際親善試合
91%
2004/7/28 イラン AFCアジアカップ2004
91%
2005/3/25 イラン FIFAワールドカップ2006アジア最終予選
91%
2005/5/22 ペルー キリンカップサッカー2005
91%
2005/8/17 イラン FIFAワールドカップ2006アジア最終予選
91%
2006/5/9 ブルガリア キリンカップサッカー2006
91%
2006/6/12 オーストラリア FIFAワールドカップ2006
91%
2006/6/18 クロアチア FIFAワールドカップ2006
91%
2006/9/3 サウジアラビア AFCアジアカップ2007予選
91%
2006/11/15 サウジアラビア AFCアジアカップ2007予選
91%
2007/3/24 ペルー キリンチャレンジカップ2007
91%
2007/6/5 コロンビア キリンカップサッカー2007
91%
2007/7/21 オーストラリア AFCアジアカップ2007
91%
2007/7/25 サウジアラビア AFCアジアカップ2007
91%
2009/2/11 オーストラリア FIFAワールドカップ2010アジア4次予選
91%
2009/6/17 オーストラリア FIFAワールドカップ2010アジア4次予選
91%
2009/11/14 南アフリカ 国際親善試合
91%
2011/1/17 サウジアラビア AFCアジアカップ2011
91%
2011/1/29 オーストラリア AFCアジアカップ2011
91%
2011/6/1 ペルー キリンカップサッカー2011
91%
2011/6/7 チェコ キリンカップサッカー2011
91%
2012/6/12 オーストラリア FIFAワールドカップ2014アジア4次予選
91%
2012/9/11 イラク FIFAワールドカップ2014アジア4次予選
91%
2013/3/22 カナダ 国際親善試合
91%
2013/5/30 ブルガリア キリンチャレンジカップ2013
91%
2013/6/4 オーストラリア FIFAワールドカップ2014アジア4次予選
91%
2013/6/11 イラク FIFAワールドカップ2014アジア4次予選
91%
2013/7/25 オーストラリア EAFF E-1サッカー選手権
91%
2014/6/24 コロンビア FIFAワールドカップ2015
91%
2014/11/18 オーストラリア キリンチャレンジカップ2014
91%
2015/1/16 イラク AFCアジアカップ2015
91%
2015/6/11 イラク キリンチャレンジカップ2015
91%
2015/10/13 イラン 国際親善試合
91%
2016/6/3 ブルガリア キリンカップサッカー2016
91%
2016/10/6 イラク FIFAワールドカップ2018アジア3次予選
91%
2016/10/11 オーストラリア FIFAワールドカップ2018アジア3次予選
91%
2016/11/15 サウジアラビア FIFAワールドカップ2018アジア3次予選
91%
2017/6/13 イラク FIFAワールドカップ2018アジア3次予選
91%
2017/8/31 オーストラリア FIFAワールドカップ2018アジア3次予選
91%
2017/9/5 サウジアラビア FIFAワールドカップ2018アジア3次予選
91%
2018/6/19 コロンビア FIFAワールドカップ2018
91%
2018/6/28 ポーランド FIFAワールドカップ2018
91%
2019/1/21 サウジアラビア AFCアジアカップ2019
91%
2019/1/28 イラン AFCアジアカップ2019
91%
2019/3/22 コロンビア キリンチャレンジカップ2019
91%
2021/10/7 サウジアラビア FIFAワールドカップ2022アジア3次予選
91%
2021/10/12 オーストラリア FIFAワールドカップ2022アジア3次予選
91%
2022/2/1 サウジアラビア FIFAワールドカップ2022アジア3次予選
91%
2022/3/24 オーストラリア FIFAワールドカップ2022アジア3次予選
91%
2022/11/17 カナダ 国際親善試合
91%
2022/12/5 クロアチア FIFAワールドカップ2022
91%
2023/3/28 コロンビア キリンチャレンジカップ2023
91%
2023/6/20 ペルー キリンチャレンジカップ2023
91%
2023/10/13 カナダ MIZUHO BLUE DREAM MATCH 2023
91%
2024/1/19 イラク AFCアジアカップ2023
91%
2024/2/3 イラン AFCアジアカップ2023
91%
2024/10/10 サウジアラビア FIFAワールドカップ2026アジア3次予選
91%
2024/10/15 オーストラリア FIFAワールドカップ2026アジア3次予選
91%
2025/3/25 サウジアラビア FIFAワールドカップ2026アジア3次予選
91%
2025/6/5 オーストラリア FIFAワールドカップ2026アジア3次予選
91%
2001/7/1 パラグアイ キリンカップサッカー2001
86%
2002/6/14 チュニジア FIFAワールドカップ2002
86%
2002/6/18 トルコ FIFAワールドカップ2002
86%
2003/6/11 パラグアイ キリンカップサッカー2003
86%
2003/6/18 ニュージーランド FIFAコンフェデレーションズカップ2003
86%
2003/10/8 チュニジア 国際親善試合
86%
2005/6/19 ギリシャ FIFAコンフェデレーションズカップ2005
86%
2006/2/18 フィンランド キリンチャレンジカップ2006
86%
2006/5/13 スコットランド キリンカップサッカー2006
86%
2007/7/9 カタール AFCアジアカップ2007
86%
2007/9/7 オーストリア 3大陸トーナメント
86%
2007/9/11 スイス 3大陸トーナメント
86%
2007/10/17 エジプト AFCアジア/アフリカチャレンジカップ2007
86%
2008/5/27 パラグアイ キリンカップサッカー2008
86%
2008/11/19 カタール FIFAワールドカップ2010アジア4次予選
86%
2009/2/4 フィンランド キリンチャレンジカップ2009
86%
2009/6/10 カタール FIFAワールドカップ2010アジア4次予選
86%
2009/10/10 スコットランド キリンチャレンジカップ2009
86%
2010/6/29 パラグアイ FIFAワールドカップ2010
86%
2010/9/4 パラグアイ キリンチャレンジカップ2010
86%
2011/1/21 カタール AFCアジアカップ2011
86%
2014/3/5 ニュージーランド キリンチャレンジカップ2014
86%
2014/6/19 ギリシャ FIFAワールドカップ2014
86%
2015/3/27 チュニジア キリンチャレンジカップ2015
86%
2017/10/6 ニュージーランド キリンチャレンジカップ2017
86%
2018/6/8 スイス 国際親善試合
86%
2018/6/12 パラグアイ 国際親善試合
86%
2019/2/1 カタール AFCアジアカップ2019
86%
2019/3/26 ボリビア キリンチャレンジカップ2019
86%
2019/9/5 パラグアイ キリンチャレンジカップ2019
86%
2019/10/10 モンゴル FIFAワールドカップ2022アジア2次予選
86%
2021/3/30 モンゴル FIFAワールドカップ2022アジア2次予選
86%
2022/6/2 パラグアイ キリンチャレンジカップ2022
86%
2022/6/14 チュニジア キリンカップサッカー2022
86%
2023/9/12 トルコ キリンチャレンジカップ2023
86%
2023/10/17 チュニジア キリンチャレンジカップ2023
86%
2025/10/10 パラグアイ キリンチャレンジカップ2025
86%
2025/11/18 ボリビア キリンチャレンジカップ2025
86%
2026/3/28 スコットランド キリンワールドチャレンジ2026
86%
2002/5/14 ノルウェー 国際親善試合
82%
2003/3/28 ウルグアイ 国際親善試合
82%
2004/2/7 マレーシア キリンチャレンジカップ2004
82%
2004/5/30 アイスランド 国際親善試合
82%
2004/8/3 バーレーン AFCアジアカップ2004
82%
2005/1/29 カザフスタン キリンチャレンジカップ2005
82%
2005/3/30 バーレーン FIFAワールドカップ2006アジア最終予選
82%
2005/5/27 アラブ首長国連邦 キリンカップサッカー2005
82%
2005/6/3 バーレーン FIFAワールドカップ2006アジア最終予選
82%
2007/7/13 アラブ首長国連邦 AFCアジアカップ2007
82%
2008/3/26 バーレーン FIFAワールドカップ2010アジア3次予選
82%
2008/6/22 バーレーン FIFAワールドカップ2010アジア3次予選
82%
2008/8/20 ウルグアイ キリンチャレンジカップ2008
82%
2008/9/6 バーレーン FIFAワールドカップ2010アジア4次予選
82%
2008/10/9 アラブ首長国連邦 キリンチャレンジカップ2008
82%
2009/1/28 バーレーン AFCアジアカップ2011予選
82%
2009/3/28 バーレーン FIFAワールドカップ2010アジア4次予選
82%
2010/3/3 バーレーン AFCアジアカップ2011予選
82%
2010/6/24 デンマーク FIFAワールドカップ2010
82%
2012/2/24 アイスランド キリンチャレンジカップ2012
82%
2012/9/6 アラブ首長国連邦 キリンチャレンジカップ2012
82%
2013/8/14 ウルグアイ キリンチャレンジカップ2013
82%
2014/9/5 ウルグアイ キリンチャレンジカップ2014
82%
2015/1/23 アラブ首長国連邦 AFCアジアカップ2015
82%
2016/9/1 アラブ首長国連邦 FIFAワールドカップ2018アジア3次予選
82%
2017/3/23 アラブ首長国連邦 FIFAワールドカップ2018アジア3次予選
82%
2018/10/16 ウルグアイ キリンチャレンジカップ2018
82%
2019/6/20 ウルグアイ コパ・アメリカ2019
82%
2023/3/24 ウルグアイ キリンチャレンジカップ2023
82%
2024/1/31 バーレーン AFCアジアカップ2023
82%
2024/9/10 バーレーン FIFAワールドカップ2026アジア3次予選
82%
2025/3/20 バーレーン FIFAワールドカップ2026アジア3次予選
82%
2001/6/2 カメルーン FIFAコンフェデレーションズカップ2001
77%
2002/3/21 ウクライナ キリンチャレンジカップ2002
77%
2002/4/17 コスタリカ キリンチャレンジカップ2002
77%
2002/4/29 スロバキア キリンカップサッカー2002
77%
2002/5/25 スウェーデン キリンチャレンジカップ2002
77%
2003/11/19 カメルーン キリンチャレンジカップ2003
77%
2003/12/7 香港 EAFF E-1サッカー選手権
77%
2004/7/9 スロバキア キリンカップサッカー2004
77%
2005/10/12 ウクライナ 国際親善試合
77%
2006/10/4 ガーナ キリンチャレンジカップ2006
77%
2008/10/15 ウズベキスタン FIFAワールドカップ2010アジア4次予選
77%
2009/6/6 ウズベキスタン FIFAワールドカップ2010アジア4次予選
77%
2009/9/9 ガーナ 国際親善試合
77%
2009/10/8 香港 AFCアジアカップ2011予選
77%
2009/11/18 香港 AFCアジアカップ2011予選
77%
2010/2/11 香港 EAFF E-1サッカー選手権
77%
2010/6/14 カメルーン FIFAワールドカップ2010
77%
2011/9/6 ウズベキスタン FIFAワールドカップ2014アジア3次予選
77%
2012/2/29 ウズベキスタン FIFAワールドカップ2014アジア3次予選
77%
2013/9/10 ガーナ キリンチャレンジカップ2013
77%
2014/6/2 コスタリカ 国際親善試合
77%
2015/3/31 ウズベキスタン JALチャレンジカップ2015
77%
2018/3/27 ウクライナ キリンチャレンジカップ2018
77%
2018/5/30 ガーナ キリンチャレンジカップ2018
77%
2018/9/11 コスタリカ キリンチャレンジカップ2018
77%
2019/1/17 ウズベキスタン AFCアジアカップ2019
77%
2019/12/14 香港 EAFF E-1サッカー選手権
77%
2020/10/9 カメルーン 国際親善試合
77%
2022/6/10 ガーナ キリンカップサッカー2022
77%
2022/7/19 香港 EAFF E-1サッカー選手権
77%
2022/11/27 コスタリカ FIFAワールドカップ2022
77%
2025/7/8 香港 EAFF E-1サッカー選手権
77%
2025/11/14 ガーナ キリンチャレンジカップ2025
77%
2001/10/4 セネガル 国際親善試合
73%
2001/10/7 ナイジェリア 国際親善試合
73%
2003/8/20 ナイジェリア キリンチャレンジカップ2003
73%
2003/9/10 セネガル キリンチャレンジカップ2003
73%
2004/2/18 オマーン FIFAワールドカップ2006アジア1次予選
73%
2004/3/31 シンガポール FIFAワールドカップ2006アジア1次予選
73%
2004/4/25 ハンガリー 国際親善試合
73%
2004/7/20 オマーン AFCアジアカップ2004
73%
2004/10/13 オマーン FIFAワールドカップ2006アジア1次予選
73%
2004/11/17 シンガポール FIFAワールドカップ2006アジア1次予選
73%
2005/2/2 シリア キリンチャレンジカップ2005
73%
2006/8/16 イエメン AFCアジアカップ2007予選
73%
2006/9/6 イエメン AFCアジアカップ2007予選
73%
2008/5/24 コートジボワール キリンカップサッカー2008
73%
2008/6/2 オマーン FIFAワールドカップ2010アジア3次予選
73%
2008/6/7 オマーン FIFAワールドカップ2010アジア3次予選
73%
2008/11/13 シリア キリンチャレンジカップ2008
73%
2009/1/20 イエメン AFCアジアカップ2011予選
73%
2010/1/6 イエメン AFCアジアカップ2011予選
73%
2010/2/2 ベネズエラ キリンチャレンジカップ2010
73%
2010/6/4 コートジボワール 国際親善試合
73%
2011/1/13 シリア AFCアジアカップ2011
73%
2011/10/11 タジキスタン FIFAワールドカップ2014アジア3次予選
73%
2011/11/11 タジキスタン FIFAワールドカップ2014アジア3次予選
73%
2012/6/3 オマーン FIFAワールドカップ2014アジア4次予選
73%
2012/8/15 ベネズエラ キリンチャレンジカップ2012
73%
2012/11/14 オマーン FIFAワールドカップ2014アジア4次予選
73%
2014/6/14 コートジボワール FIFAワールドカップ2014
73%
2014/9/9 ベネズエラ キリンチャレンジカップ2014
73%
2015/6/16 シンガポール FIFAワールドカップ2018アジア2次予選
73%
2015/10/8 シリア FIFAワールドカップ2018アジア2次予選
73%
2015/11/12 シンガポール FIFAワールドカップ2018アジア2次予選
73%
2016/3/29 シリア FIFAワールドカップ2018アジア2次予選
73%
2016/11/11 オマーン キリンチャレンジカップ2016
73%
2017/6/7 シリア キリンチャレンジカップ2017
73%
2018/6/24 セネガル FIFAワールドカップ2018
73%
2018/11/16 ベネズエラ キリンチャレンジカップ2018
73%
2018/11/20 キルギス キリンチャレンジカップ2018
73%
2019/1/9 トルクメニスタン AFCアジアカップ2019
73%
2019/1/13 オマーン AFCアジアカップ2019
73%
2019/10/15 タジキスタン FIFAワールドカップ2022アジア2次予選
73%
2019/11/14 キルギス FIFAワールドカップ2022アジア2次予選
73%
2019/11/19 ベネズエラ キリンチャレンジカップ2019
73%
2020/10/13 コートジボワール 国際親善試合
73%
2021/6/7 タジキスタン FIFAワールドカップ2022アジア2次予選
73%
2021/6/15 キルギス FIFAワールドカップ2022アジア2次予選
73%
2021/9/2 オマーン FIFAワールドカップ2022アジア3次予選
73%
2021/11/16 オマーン FIFAワールドカップ2022アジア3次予選
73%
2023/11/21 シリア FIFAワールドカップ2026アジア2次予選
73%
2024/6/11 シリア FIFAワールドカップ2026アジア2次予選
73%
2003/10/11 ルーマニア 国際親善試合
68%
2004/7/31 ヨルダン AFCアジアカップ2004
68%
2005/10/8 ラトビア 国際親善試合
68%
2006/3/30 エクアドル キリンチャレンジカップ2006
68%
2011/1/9 ヨルダン AFCアジアカップ2011
68%
2012/5/23 アゼルバイジャン キリンチャレンジカップ2012
68%
2012/6/8 ヨルダン FIFAワールドカップ2014アジア4次予選
68%
2013/2/6 ラトビア キリンチャレンジカップ2013
68%
2013/3/26 ヨルダン FIFAワールドカップ2014アジア4次予選
68%
2015/1/20 ヨルダン AFCアジアカップ2015
68%
2015/9/3 カンボジア FIFAワールドカップ2018アジア2次予選
68%
2015/9/8 アフガニスタン FIFAワールドカップ2018アジア2次予選
68%
2015/11/17 カンボジア FIFAワールドカップ2018アジア2次予選
68%
2016/3/24 アフガニスタン FIFAワールドカップ2018アジア2次予選
68%
2018/10/12 パナマ キリンチャレンジカップ2018
68%
2019/6/9 エルサルバドル キリンチャレンジカップ2019
68%
2019/6/24 エクアドル コパ・アメリカ2019
68%
2020/11/13 パナマ 国際親善試合
68%
2022/9/27 エクアドル キリンカップサッカー2022
68%
2023/6/15 エルサルバドル キリンチャレンジカップ2023
68%
2010/4/7 セルビア キリンチャレンジカップ2010
64%
2013/10/11 セルビア 国際親善試合
64%
2018/3/23 マリ 国際親善試合
64%
2021/6/11 セルビア キリンチャレンジカップ2021
64%
2002/5/2 ホンジュラス キリンカップサッカー2002
59%
2002/10/16 ジャマイカ キリンチャレンジカップ2002
59%
2005/9/7 ホンジュラス キリンチャレンジカップ2005
59%
2006/2/28 ボスニア・ヘルツェゴビナ 国際親善試合
59%
2007/6/1 モンテネグロ キリンカップサッカー2007
59%
2008/1/30 ボスニア・ヘルツェゴビナ キリンチャレンジカップ2008
59%
2009/10/14 トーゴ キリンチャレンジカップ2009
59%
2014/10/10 ジャマイカ キリンチャレンジカップ2014
59%
2014/11/14 ホンジュラス キリンチャレンジカップ2014
59%
2016/6/7 ボスニア・ヘルツェゴビナ キリンカップサッカー2016
59%
2019/9/10 ミャンマー FIFAワールドカップ2022アジア2次予選
59%
2021/5/28 ミャンマー FIFAワールドカップ2022アジア2次予選
59%
2023/11/16 ミャンマー FIFAワールドカップ2026アジア2次予選
59%
2024/6/6 ミャンマー FIFAワールドカップ2026アジア2次予選
59%
2014/5/27 キプロス キリンチャレンジカップ2014
55%
2014/6/6 ザンビア 国際親善試合
55%
2005/11/16 アンゴラ キリンチャレンジカップ2005
50%
2017/10/10 ハイチ キリンチャレンジカップ2017
50%
2010/9/7 グアテマラ キリンチャレンジカップ2010
45%
2013/9/6 グアテマラ キリンチャレンジカップ2013
45%
2013/10/15 ベラルーシ 国際親善試合
45%
2006/6/4 マルタ 国際親善試合
41%
2006/8/9 トリニダード・トバゴ キリンチャレンジカップ2006
41%
2015/1/12 パレスチナ AFCアジアカップ2015
41%
2019/6/5 トリニダード・トバゴ キリンチャレンジカップ2019
41%
2001/7/4 ユーゴスラビア キリンカップサッカー2001
32%
2004/7/13 セルビア・モンテネグロ キリンカップサッカー2004
18%
No matching quizzes found
Score Distribution
Percent of People with Each Score
Percentile by Number Answered
Your Score History
You have not taken this quiz